000
00298nam a2200121Ia 4500
008
191201s1987 xx 000 0 und d
100
_a
MACCHIAVELLI,Augustto
245
0
_a
11th Workshop in Nuclear Physics
260
_b
World scientific
_c
1987
300
_a
595
650
_a
Applied
942
_2
ddc
_c
BK
999
_c
626
_d
626